Оценка устойчивости гравитационного оползня по наблюденным и расчетным сейсмическим колебаниям на поверхности; Проблемы геологии и освоения недр; Т. 1

Bibliografische gegevens
Parent link:Проблемы геологии и освоения недр: труды XXII Международного симпозиума имени академика М. А. Усова студентов и молодых ученых, посвященного 155-летию со дня рождения академика В.А. Обручева, 135-летию со дня рождения академика М.А. Усова, основателей Сибирской горно-геологической школы, и 110-летию первого выпуска горных инженеров в Сибири, Томск, 2-7 апреля 2018 г./ Национальный исследовательский Томский политехнический университет, Инженерная школа природных ресурсов ; под ред. А. С. Боева.— , 2018
Т. 1.— 2018.— [С. 395-397]
Hoofdauteur: Ислямова А. А. Александра Андреевна
Coauteur: Национальный исследовательский Томский политехнический университет Инженерная школа природных ресурсов Отделение геологии
Andere auteurs: Немирович-Данченко М. М. Михаил Михайлович (научный руководитель)
Samenvatting:Заглавие с экрана
Taal:Russisch
Gepubliceerd in: 2018
Reeks:Геофизические методы исследования земли и поисков и разведки месторождений полезных ископаемых. Геоинформационные системы в геофизических исследованиях
Onderwerpen:
Online toegang:http://earchive.tpu.ru/handle/11683/50616
Formaat: MixedMaterials Elektronisch Hoofdstuk
KOHA link:https://koha.lib.tpu.ru/cgi-bin/koha/opac-detail.pl?biblionumber=627761

MARC

LEADER 00000naa2a2200000 4500
001 627761
005 20240206113126.0
035 |a (RuTPU)RU\TPU\conf\27754 
035 |a RU\TPU\conf\27750 
090 |a 627761 
100 |a 20180925d2018 k y0rusy50 ca 
101 0 |a rus 
102 |a RU 
105 |a y z 100zy 
135 |a drgn ---uucaa 
181 0 |a i  
182 0 |a b 
200 1 |a Оценка устойчивости гравитационного оползня по наблюденным и расчетным сейсмическим колебаниям на поверхности  |f А. А. Ислямова  |g науч. рук. М. М. Немирович-Данченко 
203 |a Текст  |c электронный 
225 1 |a Геофизические методы исследования земли и поисков и разведки месторождений полезных ископаемых. Геоинформационные системы в геофизических исследованиях 
300 |a Заглавие с экрана 
320 |a [Библиогр.: с. 397 (2 назв.)] 
461 1 |0 (RuTPU)RU\TPU\conf\27247  |t Проблемы геологии и освоения недр  |o труды XXII Международного симпозиума имени академика М. А. Усова студентов и молодых ученых, посвященного 155-летию со дня рождения академика В.А. Обручева, 135-летию со дня рождения академика М.А. Усова, основателей Сибирской горно-геологической школы, и 110-летию первого выпуска горных инженеров в Сибири, Томск, 2-7 апреля 2018 г.  |o в 2 т.  |f Национальный исследовательский Томский политехнический университет, Инженерная школа природных ресурсов ; под ред. А. С. Боева  |d 2018 
463 1 |0 (RuTPU)RU\TPU\conf\27248  |t Т. 1  |v [С. 395-397]  |d 2018 
610 1 |a труды учёных ТПУ 
610 1 |a электронный ресурс 
610 1 |a оценка 
610 1 |a устойчивость 
610 1 |a гравитационные ополозни 
610 1 |a сейсмические колебания 
610 1 |a поверхности 
610 1 |a оползни 
610 1 |a математическое моделирование 
610 1 |a оползневые процессы 
610 1 |a сейсмические волны 
700 1 |a Ислямова  |b А. А.  |c геофизик  |c ассистент Томского политехнического университета  |f 1990-  |g Александра Андреевна  |3 (RuTPU)RU\TPU\pers\35501  |9 18683 
702 1 |a Немирович-Данченко  |b М. М.  |c геофизик  |c профессор Томского политехнического университета, доктор физико-математических наук  |f 1955-  |g Михаил Михайлович  |4 727 
712 0 2 |a Национальный исследовательский Томский политехнический университет  |b Инженерная школа природных ресурсов  |b Отделение геологии  |3 (RuTPU)RU\TPU\col\23542 
801 2 |a RU  |b 63413507  |c 20181003  |g RCR 
856 4 |u http://earchive.tpu.ru/handle/11683/50616 
942 |c BK